00606nam a22002177a 450000500170000001000110001702000070002803500110003503700160004604000120006208200170007410000210009124500570011226000390016927000380020830000280024649000320027450000500030665000130035665000190036920170124105910.0 a744496 c00 a744496 aCen Lib/Ret aDPLbEN a759.973bBAI aBaigell, Matthew aA history of American painting /cby Matthew Baigell aNew YorkbPraeger Publishersc1971 aIII Fourth AvenuebNewYorke10003 a288p. :bill.c21cm(Hb) aPraeger world of art series aIncludes bibliographical references and Index aArtzUSA aHistorical-Art